000 00442cam a22001451 4500
082 _a940.548
_bHAR
_cL-30,-II,P-10
100 2 _aLiddell Hart, Basil Henry,
245 1 0 _aThis expanding war,
_cby Liddell Hart.
260 _aLondon,
_bFaber and Faber ltd.
_c[1942]
300 _a278 p.
_billus. (maps)
_c23 cm.
500 _a"First published in Mcmxlii."
526 _a0
_b0
_c0
_d940_548000000000000_HAR
650 0 _aMCE
_9379
942 _2ddc
_cBK
999 _c551826
_d551826